Smalltalk best practice patterns

Αποθηκεύτηκε σε:
Λεπτομέρειες βιβλιογραφικής εγγραφής
Κύριος συγγραφέας: Beck, Kent
Μορφή: Βιβλίο
Γλώσσα:English
Δημοσίευση: Upper Saddle River, N.J. : Prentice Hall, c1997
Θέματα:
Ετικέτες: Προσθήκη ετικέτας
Δεν υπάρχουν, Καταχωρήστε ετικέτα πρώτοι!

MARC

LEADER 00000nam a2200000 i 4500
001 1/96330
008 991216s1997 eng d
020 |a 013476904X 
035 |l 10055720 
040 |a GR-MY-UA  |b gre  |e aacr 
041 0 |a eng 
082 0 |a 005.133 
100 1 |a Beck, Kent. 
245 1 0 |a Smalltalk best practice patterns /  |c Kent Beck 
260 |a Upper Saddle River, N.J. :   |b Prentice Hall,   |c c1997 
300 |a x, 224 p.;  |b ill.;  |c 24 cm. 
504 |a Includes index 
650 0 0 |a Smalltalk (Computer program language) 
852 |a INST  |b SAMOS  |e 19991216  |h 005.133 BEC  |p 005300016228  |q 005300016228  |t BK  |y 0 
901 |a BIBL3-1999-3 
909 |a Σ  |b 071293 
922 |a 3ΕΛΗ  |b 199911  |c ΤΠΕΣ  |d ΠΑΠΑΣΩΤΗΡΙΟΥ 
950 |a 133-1999-07-20 
970 |a ΠΟΥΡΝΑΡΑΣ  |b ΔΗΜΗΤΡΗΣ  |z 1999/12/16